| 000 | 01530nam a2200397 i 4500 | ||
|---|---|---|---|
| 001 | 54929 | ||
| 003 | KOSZ 005 | ||
| 005 | 20240405063205.0 | ||
| 008 | 220908s2007 pl f f 000 e pol | ||
| 015 | _aPB 2007/25599 | ||
| 020 | _a9788389281326 | ||
| 040 |
_aWA N _cWA N _dKOSZ 005/RW |
||
| 046 | _k2007 | ||
| 080 | _a821.111(73)(091)"18/19" | ||
| 245 | 0 | 0 |
_aW kanonie prozy amerykańskiej : _bod Nathaniela Hawthorne'a do Joyce Carol Oates / _credakcja Lucyna Aleksandrowicz-Pędich ; [recenzenci prof. UAM dr hab. Marek Wilczyński, dr Franciszek Lyra]. |
| 260 |
_aWarszawa : _bWydawnictwo Szkoły Wyższej Psychologii Społecznej "Academica", _c2007. |
||
| 300 |
_a190 stron ; _c24 cm. |
||
| 336 |
_aTekst _btxt _2rdacontent |
||
| 337 |
_aBez urządzenia pośredniczącego _bn _2rdamedia |
||
| 338 |
_aWolumin _bnc _2rdacarrier |
||
| 380 | _aKsiążki | ||
| 380 | _aPublikacje naukowe | ||
| 388 | 1 | _a2001- | |
| 648 | 7 | _a1801-1900 | |
| 648 | 7 | _a1901-2000 | |
| 650 | 7 | _aTematy i motywy | |
| 655 | 7 | _aLiteratura amerykańska | |
| 655 | 7 | _aPraca zbiorowa | |
| 658 | _aLiteraturoznawstwo | ||
| 700 | 1 |
_aAleksandrowicz-Pędich, Lucyna _d(1955- ) _eRedakcja |
|
| 700 | 1 |
_aWilczyński, Marek _d(1960- ) _eRecenzja |
|
| 700 | 1 |
_aLyra, Franciszek _d(1932- ) _eRecenzja |
|
| 710 | 2 |
_aWydawnictwo Uniwersytetu SWPS _4pbl |
|
| 856 |
_uhttp://koha.tu.koszalin.pl/cgi-bin/koha/opac-detail.pl?biblionumber=54929 _yKatalog online BPK |
||
| 942 |
_2UKD _cKS |
||
| 999 |
_c54929 _d54929 |
||